000
00239nam a2200097Ia 4500
001
1207568
005
20250827022828.0
008
250824s9999 xx 000 0 und d
245
0
_a
AÇIK UFUK
_c
İBRAHİM KALIN
260
_b
İNSAN YAYINLARI
999
_c
1207568
_d
1207568